| 000 | 00946cab a22001935a 4500 | ||
|---|---|---|---|
| 001 | L144347 | ||
| 008 | 080714e20080704xxk f v 000 0 eng d | ||
| 035 | _a(Sirsi) u144347 | ||
| 041 | 0 | _aeng | |
| 100 | 1 | _aRoss, Jonathan | |
| 245 | 0 | 0 |
_aDifference of opinion _bcase news |
| 260 | _c2008 | ||
| 490 | 0 |
_aProperty Week _v72(30) 4 July 2008, 89(1) |
|
| 520 | _aDiscusses the case of Sutcliffe v Lloyd and another [2008] EWCH 1329 (Ch) (See L144348). The case was heard by the High Court on appeal from [2007] EWCA Civ 153 (See L138245). The court had to determine the level of damages payable to a party for being incorrectly excluded from a development project. The award was made in favour of the claimant, but at a much lower level than he had claimed. | ||
| 590 | _aKA | ||
| 651 | 4 |
_aEngland and Wales _y1543- |
|
| 690 | _aMANAGEMENT-DISPUTE AVOIDANCE, MANAGEMENT AND RESOLUTION-DISPUTE MANAGEMENT AND RESOLUTION-ARBITRATION | ||
| 942 | _n0 | ||
| 999 |
_c80436 _d80436 |
||